Statistics for Countries with Top 100 Universities

Click here to take the quiz!

General Stats

  • This quiz has been taken 5,038 times
    (2,763 since last reset)
  • The average score is 13 of 15

Answer Stats

Number of UniversitiesCountry% Correct
53United States
100%
8United Kingdom
99%
9China
97%
6Canada
96%
1Germany
95%
1Japan
95%
6Australia
91%
5Netherlands
82%
3Switzerland
80%
2Belgium
78%
1Norway
77%
1Denmark
74%
1Brazil
71%
1Finland
68%
2Singapore
56%

Score Distribution

Percentile by Number Answered

Percent of People with Each Score

Your Score History

You have not taken this quiz since the last reset